[Event "NOR-ch"]
[Site "Bergen"]
[Date "2025.07.08"]
[Round "5"]
[White "Amar, Elham"]
[Black "Ingebretsen, Jens E"]
[Result "1-0"]
[WhiteElo "2600"]
[BlackElo "2415"]
[PlyCount "91"]
[EventDate "2025.07.04"]
[EventType "swiss"]
[EventRounds "9"]
[EventCountry "NOR"]
[SourceTitle "CB29_2025"]
[SourceDate "2025.07.16"]
[SourceVersion "1"]
[SourceVersionDate "2025.07.16"]
[SourceQuality "1"]

1. e4 e6 2. d4 d5 3. e5 c5 4. c3 Nc6 5. Nf3 Bd7 6. Be2 Nge7 7. 0-0 Nf5 8. dxc5 a5 9. Bd3 Bxc5 10. Nbd2 a4 11. Re1 h6 12. b4 axb3 13. Nxb3 Ba7 14. Bxf5 exf5 15. Qxd5 0-0 16. Be3 Bxe3 17. Rxe3 Be6 18. Qb5 Qd5 19. Qxd5 Bxd5 20. Nc5 Rxa2 21. Rxa2 Bxa2 22. Nxb7 Rb8 23. Nd6 Rb1+ 24. Re1 Nxe5 25. Kf1 Nxf3 26. gxf3 f4 27. Rxb1 Bxb1 28. Ke2 Kf8 29. c4 Ke7 30. Nb5 g5 31. Kd2 h5 32. Kc3 h4 33. Kd4 h3 34. c5 f6 35. c6 Bc2 36. Kc5 Bf5 37. Nd4 Bc8 38. Kd5 Ke8 39. Kd6 Kd8 40. c7+ Ke8 41. Nc6 Kf7 42. Ne7 Ba6 43. c8Q Bxc8 44. Nxc8 Kg6 45. Ke6 Kh5 46. Kf5 1-0

[Event "NOR-ch"]
[Site "Bergen"]
[Date "2025.07.04"]
[Round "1"]
[White "Kaewpitakkun, Pantham"]
[Black "Ingebretsen, Jens E"]
[Result "0-1"]
[WhiteElo "2067"]
[BlackElo "2415"]
[PlyCount "60"]
[EventDate "2025.07.04"]
[EventType "swiss"]
[EventRounds "9"]
[EventCountry "NOR"]
[SourceTitle "CB29_2025"]
[SourceDate "2025.07.16"]
[SourceVersion "1"]
[SourceVersionDate "2025.07.16"]
[SourceQuality "1"]

1. e4 c6 2. Nf3 d5 3. Nc3 Bg4 4. h3 Bxf3 5. Qxf3 e6 6. Be2 Bc5 7. 0-0 Nd7 8. exd5 cxd5 9. Na4 Bd6 10. d4 Qc7 11. Nc3 a6 12. Qd3 Ngf6 13. Be3 0-0 14. Rac1 b5 15. a4 b4 16. Nb1 Qa5 17. b3 Qb6 18. Nd2 Rfb8 19. Bf3 Ra7 20. c4 bxc3 21. Qxc3 Rc7 22. Qb2 Rbc8 23. Rfd1 Bb4 24. Nb1 Bd6 25. Nc3 h6 26. Rc2 Qb4 27. Rdc1 e5 28. g3 exd4 29. Na2 Rxc2 30. Rxc2 Qe1+ 0-1

[Event "NOR-chT Club"]
[Site "Drammen"]
[Date "2025.05.30"]
[Round "2.3"]
[White "Trygstad, Even Jatog"]
[Black "Ingebretsen, Jens E"]
[Result "0-1"]
[WhiteElo "1740"]
[BlackElo "2414"]
[PlyCount "64"]
[EventDate "2025.05.29"]
[EventType "team-swiss"]
[EventRounds "6"]
[EventCountry "NOR"]
[SourceTitle "CB23_2025"]
[SourceDate "2025.06.04"]
[SourceVersion "1"]
[SourceVersionDate "2025.06.04"]
[SourceQuality "1"]
[WhiteTeam "Oslo SK 1911 G"]
[BlackTeam "Oslo Schakselskap"]
[WhiteTeamCountry "NOR"]
[BlackTeamCountry "NOR"]

1. e4 c5 2. Nc3 e6 3. f4 d5 4. exd5 exd5 5. Bb5+ Nc6 6. Bxc6+ bxc6 7. Nf3 Bd6 8. d3 Qc7 9. 0-0 Ne7 10. Qe2 0-0 11. g3 Bg4 12. Na4 Nf5 13. Qf2 Rfe8 14. Kg2 Qd7 15. Bd2 Bh3+ 16. Kg1 Bxf1 17. Rxf1 d4 18. Ng5 Ne3 19. Rc1 h6 20. Ne4 f5 21. Nexc5 Bxc5 22. Nxc5 Qd5 23. Nb3 c5 24. Bxe3 Rxe3 25. Re1 Rae8 26. Rxe3 Rxe3 27. Qd2 Qf3 28. Nc1 h5 29. c3 h4 30. gxh4 Qg4+ 31. Kh1 Qxf4 32. Qd1 Qf2 0-1

[Event "Titled Tuesday intern op 25th Mar Early"]
[Site "Chess.com INT"]
[Date "2025.03.25"]
[Round "6"]
[White "Ingebretsen, Jens E"]
[Black "Gajewski, Grzegorz"]
[Result "0-1"]
[WhiteElo "2414"]
[BlackElo "2547"]
[PlyCount "82"]
[EventDate "2025.03.25"]
[EventType "swiss (blitz)"]
[EventRounds "11"]
[EventCountry "USA"]
[SourceTitle "CB14_2025"]
[SourceDate "2024.11.01"]
[SourceVersion "1"]
[SourceVersionDate "2024.11.01"]
[SourceQuality "1"]

1. c4 Nc6 2. g3 b6 3. Bg2 Bb7 4. Nf3 e6 5. 0-0 Nf6 6. d4 g6 7. Nc3 Bg7 8. e4 d6 9. Re1 0-0 10. d5 Ne7 11. Bg5 a5 12. Qd2 Nd7 13. Bh6 e5 14. b3 Nc5 15. Rad1 Bc8 16. h3 f5 17. exf5 Bxh6 18. Qxh6 Nxf5 19. Qg5 Qe8 20. Ne4 Qf7 21. Nh4 Nxh4 22. Qxh4 Nxe4 23. Rxe4 Qxf2+ 24. Kh2 Bf5 25. Rf1 Qxa2 26. Re3 a4 27. b4 a3 28. c5 Qb2 29. cxd6 cxd6 30. g4 Qd4 31. Ree1 Bd3 32. Rxf8+ Rxf8 33. Qe7 a2 34. Qe6+ Kg7 35. Qe7+ Rf7 36. Qxd6 a1Q 37. Rxa1 Qxa1 38. Qxb6 Qd4 39. Qe6 Qf4+ 40. Kh1 Be4 41. d6 Qf1+ 0-1

[Event "Titled Tuesday intern op 25th Mar Early"]
[Site "Chess.com INT"]
[Date "2025.03.25"]
[Round "2"]
[White "Ingebretsen, Jens E"]
[Black "Teh, Wee Zhun"]
[Result "0-1"]
[WhiteElo "2414"]
[BlackElo "2010"]
[PlyCount "76"]
[EventDate "2025.03.25"]
[EventType "swiss (blitz)"]
[EventRounds "11"]
[EventCountry "USA"]
[SourceTitle "CB14_2025"]
[SourceDate "2024.11.01"]
[SourceVersion "1"]
[SourceVersionDate "2024.11.01"]
[SourceQuality "1"]

1. c4 c6 2. Nf3 d5 3. cxd5 cxd5 4. d4 Nc6 5. Nc3 Nf6 6. Bf4 Bf5 7. e3 e6 8. Bb5 Nd7 9. 0-0 Rc8 10. Bd3 Bxd3 11. Qxd3 Be7 12. a3 Na5 13. Ne5 Nxe5 14. Bxe5 0-0 15. Rae1 Nc4 16. b3 Nxe5 17. dxe5 Bxa3 18. Nb5 Bb4 19. Rd1 a6 20. Nd4 Rc3 21. Qe2 Bc5 22. Qb2 Bxd4 23. Rxd4 Qc7 24. b4 Rc8 25. b5 Qxe5 26. bxa6 bxa6 27. Qa1 Qd6 28. g3 Qc6 29. Ra4 Rc1 30. Qa2 Qb5 31. Rxc1 Rxc1+ 32. Kg2 Qf1+ 33. Kf3 Qh1+ 34. Kf4 h6 35. h4 g5+ 36. Ke5 Qe1 37. Rxa6 Qc3+ 38. Kd6 Qc7# 0-1

[Event "Titled Tuesday intern op 25th Feb Early"]
[Site "Chess.com INT"]
[Date "2025.02.25"]
[Round "9"]
[White "Ingebretsen, Jens E"]
[Black "Sonis, Francesco"]
[Result "0-1"]
[WhiteElo "2417"]
[BlackElo "2570"]
[PlyCount "70"]
[EventDate "2025.02.25"]
[EventType "swiss (blitz)"]
[EventRounds "11"]
[EventCountry "USA"]
[SourceTitle "CB10_2025"]
[SourceDate "2025.03.05"]
[SourceVersion "1"]
[SourceVersionDate "2025.03.05"]
[SourceQuality "1"]

1. d4 d6 2. Nf3 Nf6 3. Bg5 Nbd7 4. Nbd2 e5 5. e4 Be7 6. dxe5 Nxe5 7. Be2 0-0 8. 0-0 Ng6 9. Bc4 Re8 10. Re1 h6 11. Nh4 Ne5 12. Bxf6 Bxf6 13. Nf5 Nxc4 14. Nxc4 d5 15. Nce3 Rxe4 16. Qf3 c6 17. Rad1 Be6 18. c4 Re5 19. cxd5 cxd5 20. Nd4 Qb6 21. Nxe6 fxe6 22. Ng4 Rxe1+ 23. Rxe1 Bxb2 24. Qg3 Kh8 25. Ne5 Bxe5 26. Qxe5 Rf8 27. Rf1 Kh7 28. g4 Qb4 29. Qxe6 Rf6 30. Qd7 Qe4 31. h3 Qf3 32. Qc7 Qxh3 33. Qg3 Qxg3+ 34. fxg3 Rxf1+ 35. Kxf1 Kg6 0-1

[Event "Titled Tuesday intern op 11th Feb Early"]
[Site "Chess.com INT"]
[Date "2025.02.11"]
[Round "4"]
[White "Schiffer, Stefan"]
[Black "Ingebretsen, Jens E"]
[Result "0-1"]
[WhiteElo "2154"]
[BlackElo "2417"]
[PlyCount "87"]
[EventDate "2025.02.11"]
[EventType "swiss (blitz)"]
[EventRounds "11"]
[EventCountry "USA"]
[SourceTitle "CB09_2025"]
[SourceDate "2025.02.27"]
[SourceVersion "1"]
[SourceVersionDate "2025.02.27"]
[SourceQuality "1"]

1. e4 c5 2. Nf3 e6 3. d3 d5 4. Qe2 Be7 5. g3 Nc6 6. Bg2 dxe4 7. dxe4 e5 8. c3 Be6 9. 0-0 h6 10. Na3 Nf6 11. Rd1 Qc7 12. Nb5 Qb8 13. a4 0-0 14. h3 Na5 15. Nh4 Nb3 16. Rb1 c4 17. Nf5 Bxf5 18. exf5 a6 19. Na3 Bxa3 20. bxa3 b5 21. axb5 axb5 22. Bxa8 Qxa8 23. Bb2 e4 24. Qe3 Re8 25. Rd6 Nd5 26. Qe2 Nc5 27. f6 Nxf6 28. Bc1 e3 29. Bxe3 Nce4 30. Rxf6 Nxf6 31. Rxb5 Nd5 32. Qf3 Nxe3 33. Qxa8 Rxa8 34. fxe3 Rxa3 35. Rb8+ Kh7 36. Kf2 Rxc3 37. Kf3 Kg6 38. Rc8 Rc1 39. Ke4 h5 40. g4 h4 41. Rh8 Rd1 42. Rxh4 c3 43. Rh5 c2 44. Rc5 0-1

[Event "NOR-chT Elite 2425"]
[Site "Norway"]
[Date "2025.02.07"]
[Round "4.34"]
[White "Olsen, William Alexander"]
[Black "Ingebretsen, Jens E"]
[Result "1/2-1/2"]
[WhiteElo "2074"]
[BlackElo "2417"]
[PlyCount "83"]
[EventDate "2024.10.25"]
[EventType "team-tourn"]
[EventRounds "9"]
[EventCountry "NOR"]
[SourceTitle "CB16_2025"]
[SourceDate "2025.04.16"]
[SourceVersion "1"]
[SourceVersionDate "2025.04.16"]
[SourceQuality "1"]
[WhiteTeam "Barum"]
[BlackTeam "OSS"]
[WhiteTeamCountry "NOR"]
[BlackTeamCountry "NOR"]

1. d4 Nf6 2. c4 e6 3. Nc3 d5 4. cxd5 Nxd5 5. e4 Nxc3 6. bxc3 c5 7. Rb1 Nc6 8. d5 Ne5 9. f4 Ng6 10. Bb5+ Bd7 11. dxe6 fxe6 12. Bxd7+ Qxd7 13. Qxd7+ Kxd7 14. Rxb7+ Kc6 15. Rb2 Bd6 16. e5 Bc7 17. Nf3 Ba5 18. 0-0 Rhf8 19. g3 Ne7 20. c4 h6 21. Bd2 Bc7 22. Be3 Rad8 23. Kg2 Rd3 24. Bg1 Rfd8 25. Rfb1 Nf5 26. Rb7 Bb6 27. Rf7 Rc3 28. g4 Nd4 29. Nxd4+ cxd4 30. Re7 Rxc4 31. Rxe6+ Kd5 32. f5 d3 33. Bxb6 axb6 34. Kf3 Kd4 35. Rbxb6 Rcc8 36. Rbd6+ Kc3 37. Rc6+ Rxc6 38. Rxc6+ Kb2 39. Rb6+ Kc2 40. Rc6+ Kb2 41. Rb6+ Kc2 42. Rc6+ 1/2-1/2

[Event "Titled Tuesday intern op 24th Sep Early"]
[Site "Chess.com INT"]
[Date "2024.09.24"]
[Round "2"]
[White "Ingebretsen, Jens E"]
[Black "Sarana, Alexey"]
[Result "0-1"]
[WhiteElo "2419"]
[BlackElo "2713"]
[PlyCount "76"]
[EventDate "2024.09.24"]
[EventType "swiss (blitz)"]
[EventRounds "11"]
[EventCountry "USA"]
[SourceTitle "EXT 2025"]
[Source "ChessBase"]
[SourceDate "2024.10.14"]
[SourceVersion "1"]
[SourceVersionDate "2024.10.14"]
[SourceQuality "1"]

1. e4 c5 2. Nf3 d6 3. d4 cxd4 4. Qxd4 Nf6 5. h3 Nc6 6. Qe3 g6 7. Nc3 Bg7 8. Bc4 0-0 9. 0-0 Be6 10. Bxe6 fxe6 11. e5 Nd5 12. Nxd5 exd5 13. e6 d4 14. Qe4 Qa5 15. Bd2 Qf5 16. Rfe1 Rac8 17. c3 dxc3 18. Bxc3 Bxc3 19. bxc3 Qxe4 20. Rxe4 Rf5 21. Rb1 b6 22. Rc4 Kg7 23. Nd4 Rc5 24. Rxc5 dxc5 25. Ne2 Rd8 26. Rb2 Kf6 27. Nf4 Ne5 28. h4 h6 29. g3 g5 30. Nh5+ Kg6 31. g4 Nf3+ 32. Kg2 Nxh4+ 33. Kh3 Rd3+ 34. Ng3 Kf6 35. Re2 Ng6 36. Kh2 Nf4 37. Nh5+ Nxh5 38. gxh5 Rxc3 0-1

[Event "Titled Tuesday intern op 16th Jul Late"]
[Site "Chess.com INT"]
[Date "2024.07.16"]
[Round "1"]
[White "Ingebretsen, Jens E"]
[Black "Guzman Lozano, Campo Elias"]
[Result "1-0"]
[WhiteElo "2407"]
[BlackElo "1868"]
[PlyCount "39"]
[EventDate "2024.07.16"]
[EventType "swiss (blitz)"]
[EventRounds "11"]
[EventCountry "USA"]
[SourceTitle "EXT 2025"]
[Source "ChessBase"]
[SourceDate "2024.10.14"]
[SourceVersion "1"]
[SourceVersionDate "2024.10.14"]
[SourceQuality "1"]

1. e4 c5 2. Nf3 Nc6 3. d4 cxd4 4. Nxd4 e5 5. Nb5 a6 6. N5a3 Bc5 7. Be2 Qh4 8. 0-0 Nf6 9. Nc3 b5 10. Nd5 0-0 11. g3 Qxe4 12. Nxf6+ gxf6 13. Bd3 Qa4 14. b3 Qa5 15. Qh5 Rd8 16. Qh6 e4 17. Bxe4 f5 18. Bxf5 Qc3 19. Bxh7+ Kh8 20. Bg6+ 1-0

[Event "Titled Tuesday intern op 16th Jul Late"]
[Site "Chess.com INT"]
[Date "2024.07.16"]
[Round "9"]
[White "Ingebretsen, Jens E"]
[Black "Shandrygin, Nikita"]
[Result "0-1"]
[WhiteElo "2407"]
[BlackElo "2209"]
[PlyCount "134"]
[EventDate "2024.07.16"]
[EventType "swiss (blitz)"]
[EventRounds "11"]
[EventCountry "USA"]
[SourceTitle "EXT 2025"]
[Source "ChessBase"]
[SourceDate "2024.10.14"]
[SourceVersion "1"]
[SourceVersionDate "2024.10.14"]
[SourceQuality "1"]

1. e4 c5 2. Nf3 e6 3. d4 cxd4 4. Nxd4 Nf6 5. Nc3 Nc6 6. Ndb5 Bb4 7. a3 Bxc3+ 8. Nxc3 d5 9. exd5 exd5 10. Bg5 0-0 11. Be2 h6 12. Bh4 d4 13. Ne4 g5 14. Nxf6+ Qxf6 15. Bg3 Bf5 16. 0-0 Qg6 17. Rc1 Rac8 18. Qd2 Rfd8 19. Rfd1 Rd7 20. Bd3 h5 21. h4 gxh4 22. Bxh4 Ne5 23. Bxf5 Qxf5 24. Qg5+ Qxg5 25. Bxg5 Kh7 26. Bf6 Nc6 27. f3 Kg6 28. Bh4 Kf5 29. Kf2 Ne5 30. Bg3 Nc4 31. Rd3 Nxb2 32. Rb3 Na4 33. Rb5+ Nc5 34. Rh1 Kg6 35. Rd1 a6 36. Rb6+ Ne6 37. Rd2 Rc6 38. Rb4 Kf5 39. a4 b6 40. Rb1 Rd5 41. Rh1 Kg6 42. Re1 Rdc5 43. Ree2 Rc4 44. a5 bxa5 45. Re5 Rxc2 46. Rxc2 Rxc2+ 47. Kf1 Rc5 48. Re1 a4 49. Ra1 Rc4 50. Ke2 Nc5 51. Ra2 Kf5 52. Bf2 Ke6 53. Bh4 Kd5 54. Be7 Nb3 55. g4 Nc1+ 56. Kd2 Nxa2 57. gxh5 Rc6 58. Bf8 Rc8 59. Bg7 Nb4 60. h6 a3 61. h7 a2 62. h8R Rxh8 63. Bxh8 a1Q 64. Be5 Qc3+ 65. Ke2 Qe3+ 66. Kf1 Nd3 67. f4 Qf2# 0-1

[Event "Titled Tuesday intern op 16th Jul Late"]
[Site "Chess.com INT"]
[Date "2024.07.16"]
[Round "3"]
[White "Riehle, Marco"]
[Black "Ingebretsen, Jens E"]
[Result "0-1"]
[WhiteElo "2380"]
[BlackElo "2407"]
[PlyCount "184"]
[EventDate "2024.07.16"]
[EventType "swiss (blitz)"]
[EventRounds "11"]
[EventCountry "USA"]
[SourceTitle "EXT 2025"]
[Source "ChessBase"]
[SourceDate "2024.10.14"]
[SourceVersion "1"]
[SourceVersionDate "2024.10.14"]
[SourceQuality "1"]

1. e4 e5 2. Nf3 Nc6 3. Bc4 Nf6 4. d4 exd4 5. 0-0 Bc5 6. e5 d5 7. exf6 dxc4 8. fxg7 Rg8 9. Re1+ Be6 10. Bg5 Qd6 11. Nbd2 Qd5 12. Ne4 Be7 13. Bxe7 Kxe7 14. Ng3 Rxg7 15. Qd2 Rag8 16. b3 c3 17. Qf4 Kd8 18. Rad1 Rg4 19. Qh6 Kc8 20. Qxh7 Kb8 21. a3 a5 22. Qd3 Bc8 23. Qxc3 f5 24. h3 Rf4 25. Qd3 Rxf3 26. Qxf3 Qxf3 27. gxf3 f4 28. Kg2 Bf5 29. Rd2 Kc8 30. Kh2 fxg3+ 31. fxg3 Rf8 32. g4 Bh7 33. Kg3 Kd7 34. h4 Bg8 35. h5 a4 36. bxa4 Bd5 37. f4 Kd6 38. g5 Ne7 39. Rxe7 Kxe7 40. Rxd4 c6 41. g6 Kf6 42. c4 Be6 43. c5 Re8 44. a5 Bd5 45. Rb4 Re3+ 46. Kh2 Rxa3 47. Rxb7 Ra2+ 48. Kg3 Ra3+ 49. Kh2 Ra2+ 50. Kg1 Rxa5 51. Kf2 Rxc5 52. h6 Rc2+ 53. Ke3 Kxg6 54. h7 Rh2 55. Kd4 Rxh7 56. f5+ Kh6 57. Rb1 Kg5 58. Ke5 Re7+ 59. Kd6 Re2 60. Rf1 Kf6 61. Rf4 Re5 62. Rh4 Rxf5 63. Rh6+ Kg5 64. Rh8 Rf6+ 65. Kc5 Rg6 66. Rh2 Kf5 67. Rf2+ Ke6 68. Re2+ Kd7 69. Rh2 Rg4 70. Rh7+ Ke6 71. Rh6+ Ke5 72. Rh5+ Ke4 73. Rh8 Kd3 74. Rh3+ Kc2 75. Rh2+ Kc1 76. Rh8 Rc4+ 77. Kd6 Rc2 78. Ra8 Kd2 79. Rh8 Bf3 80. Rc8 Kd3 81. Rf8 Be4 82. Rc8 Kd4 83. Rd8 c5 84. Ke6+ Kc4 85. Ke5 Bd3 86. Rh8 Re2+ 87. Kf4 Kd4 88. Rd8+ Kc3 89. Kf3 Re1 90. Ra8 c4 91. Ra3+ Kd4 92. Ra1 Rxa1 0-1

[Event "Titled Tuesday intern op 16th Jul Late"]
[Site "Chess.com INT"]
[Date "2024.07.16"]
[Round "8"]
[White "Wisniacki, Flavio"]
[Black "Ingebretsen, Jens E"]
[Result "0-1"]
[WhiteElo "2247"]
[BlackElo "2407"]
[PlyCount "98"]
[EventDate "2024.07.16"]
[EventType "swiss (blitz)"]
[EventRounds "11"]
[EventCountry "USA"]
[SourceTitle "EXT 2025"]
[Source "ChessBase"]
[SourceDate "2024.10.14"]
[SourceVersion "1"]
[SourceVersionDate "2024.10.14"]
[SourceQuality "1"]

1. Nf3 Nf6 2. d4 d5 3. g3 Bf5 4. Bg2 e6 5. c4 Be7 6. Nc3 Ne4 7. Qb3 Nxc3 8. Qxb7 Nd7 9. bxc3 Be4 10. Bf4 g5 11. Bxc7 Qc8 12. Qxc8+ Rxc8 13. Ba5 g4 14. Nh4 Bxh4 15. Bxe4 dxe4 16. gxh4 Rxc4 17. e3 Ra4 18. Bb4 Nb6 19. Ke2 Nd5 20. Rhc1 Kd7 21. Bc5 Rc4 22. Rab1 Kc6 23. Kd2 a5 24. Rb3 a4 25. Rb2 Rg8 26. Rcb1 Rc8 27. Rb7 Rc7 28. Rxc7+ Kxc7 29. Bb4 Kc6 30. a3 f5 31. h3 h5 32. hxg4 fxg4 33. Rg1 Kd7 34. Rc1 Ke8 35. Bc5 Kf7 36. Bb4 Kg6 37. Bd6 Kf5 38. Be5 Ne7 39. Rb1 Ng6 40. Bg3 Kf6 41. Rb5 Ne7 42. Rxh5 Nd5 43. Rh6+ Kf5 44. Rh5+ Kf6 45. Rh6+ Kf5 46. Rh7 Rxc3 47. h5 Rd3+ 48. Kc2 Rxa3 49. Ra7 Kg5 0-1

[Event "NOR-ch"]
[Site "Storefjell"]
[Date "2024.07.05"]
[Round "8"]
[White "Urkedal, Frode Olav Olsen"]
[Black "Ingebretsen, Jens E"]
[Result "1-0"]
[WhiteElo "2560"]
[BlackElo "2407"]
[PlyCount "89"]
[EventDate "2024.06.28"]
[EventType "swiss"]
[EventRounds "9"]
[EventCountry "NOR"]
[SourceTitle "CBM 221 Extra"]
[Source "ChessBase"]
[SourceDate "2024.09.30"]
[SourceVersion "1"]
[SourceVersionDate "2024.09.30"]
[SourceQuality "1"]

1. e4 c5 2. Nf3 e6 3. d4 cxd4 4. Nxd4 Nf6 5. Nc3 Nc6 6. Nxc6 bxc6 7. e5 Nd5 8. Ne4 Qc7 9. f4 Rb8 10. a3 Qb6 11. Bd3 f5 12. exf6 Nxf6 13. Nxf6+ gxf6 14. Qe2 f5 15. Be3 Bc5 16. Bxc5 Qxc5 17. 0-0-0 Qd4 18. c3 Qxf4+ 19. Kb1 d6 20. Rde1 e5 21. Rhf1 Qg4 22. Rf3 Rg8 23. g3 e4 24. Qf2 Kd8 25. Rf4 Qg7 26. Bxe4 fxe4 27. Rf7 Qxc3 28. Re2 Qe5 29. Qxa7 d5 30. Ref2 Rb7 31. Rxb7 Bxb7 32. Qxb7 Qc7 33. Qa8+ Qc8 34. Qa4 Qc7 35. Rf6 e3 36. Rxc6 Qd7 37. Qh4+ Ke8 38. Qf6 Rg6 39. Qh8+ Kf7 40. Qxh7+ Rg7 41. Qh5+ Kg8 42. Rh6 Kf8 43. Rh8+ Ke7 44. Qe5+ Kf7 45. Qf4+ 1-0

[Event "Titled Tuesday intern op 25th Jun Late"]
[Site "Chess.com INT"]
[Date "2024.06.25"]
[Round "3"]
[White "Gabdushev, Ruslan"]
[Black "Ingebretsen, Jens E"]
[Result "1/2-1/2"]
[WhiteElo "2256"]
[BlackElo "2407"]
[PlyCount "174"]
[EventDate "2024.06.25"]
[EventType "swiss (blitz)"]
[EventRounds "11"]
[EventCountry "USA"]
[SourceTitle "EXT 2025"]
[Source "ChessBase"]
[SourceDate "2024.10.14"]
[SourceVersion "1"]
[SourceVersionDate "2024.10.14"]
[SourceQuality "1"]

1. e4 c6 2. d4 d5 3. Nc3 dxe4 4. Nxe4 Bf5 5. Ng3 Bg6 6. c3 e6 7. h4 h6 8. Nh3 Bd6 9. Nf4 Bh7 10. Nfh5 g6 11. Nf4 Qc7 12. Qf3 Ne7 13. Ne4 Nd7 14. Nd3 e5 15. Bxh6 Nf5 16. Bg5 exd4 17. g4 Ng7 18. cxd4 Ne6 19. 0-0-0 0-0 20. Nf6+ Nxf6 21. Bxf6 c5 22. d5 Nd4 23. Bxd4 cxd4+ 24. Kb1 Rac8 25. Rc1 Qd7 26. Be2 Rfe8 27. g5 Qf5 28. Qxf5 gxf5 29. Bh5 f4 30. Rcd1 a5 31. Bg4 Be4 32. Bxc8 Bxh1 33. Bf5 Bxd5 34. h5 Re2 35. g6 fxg6 36. hxg6 Kg7 37. a3 f3 38. Re1 a4 39. Rxe2 fxe2 40. Kc1 Bb3 41. Kd2 Bd1 42. Ne1 Bf4+ 43. Kd3 Kf6 44. Be4 Be5 45. Bf3 Kxg6 46. Bxe2 Bb3 47. Bf3 Kf6 48. Bxb7 Bf4 49. Nf3 Be5 50. Nxd4 Bd1 51. f3 Kg7 52. Be4 Kf6 53. Nc6 Bxb2 54. Nb4 Bxa3 55. Nc2 Bc5 56. Kd2 Bxc2 57. Kxc2 a3 58. Kb3 Ke5 59. Ka2 Kf4 60. Kb3 Bd6 61. Ka2 Be7 62. Kb3 Ke3 63. Ka2 Bd6 64. Kb3 Kd4 65. Ka2 Kc3 66. Bd5 Kb4 67. Be4 Bf4 68. Bd5 Bc1 69. Be4 Bb2 70. Bd5 Bf6 71. Be4 Bb2 72. Bd5 Kc3 73. Be4 Kd4 74. Kb3 Ke3 75. Ka2 Kf4 76. Kb3 Kg3 77. Ka2 Kf2 78. Kb3 Ke3 79. Ka2 Kd2 80. Kb3 Kc1 81. Ka2 Kd1 82. Bd5 Kd2 83. Be4 Kc3 84. Bb7 Kd4 85. Be4 Kc5 86. Ba8 Kb5 87. Be4 Kb4 1/2-1/2

[Event "Titled Tuesday intern op 25th Jun Early"]
[Site "Chess.com INT"]
[Date "2024.06.25"]
[Round "7"]
[White "Ingebretsen, Jens E"]
[Black "Fernandez Garcia, Gumersindo"]
[Result "1-0"]
[WhiteElo "2407"]
[BlackElo "2117"]
[PlyCount "89"]
[EventDate "2024.06.25"]
[EventType "swiss (blitz)"]
[EventRounds "11"]
[EventCountry "USA"]
[SourceTitle "EXT 2025"]
[Source "ChessBase"]
[SourceDate "2024.10.14"]
[SourceVersion "1"]
[SourceVersionDate "2024.10.14"]
[SourceQuality "1"]

1. e4 d5 2. exd5 Qxd5 3. Nc3 Qd6 4. d4 a6 5. Nf3 Nf6 6. Bc4 b5 7. Bb3 Bb7 8. 0-0 e6 9. Re1 Be7 10. Bg5 0-0 11. Bh4 c5 12. dxc5 Qxc5 13. Qd4 Qxd4 14. Nxd4 Nc6 15. Nxc6 Bxc6 16. Bxe6 b4 17. Nd5 Bxd5 18. Bxd5 Nxd5 19. Bxe7 Nxe7 20. Rxe7 Rac8 21. Rc1 Rc5 22. Kf1 Rfc8 23. Re2 g6 24. Ke1 a5 25. Kd1 Rd5+ 26. Rd2 Rh5 27. h3 Rg5 28. g3 h5 29. h4 Rgc5 30. Rd3 Kg7 31. c3 bxc3 32. Rcxc3 Rxc3 33. Rxc3 Rb8 34. Rb3 Rd8+ 35. Kc2 Rd5 36. Rc3 Rf5 37. f4 f6 38. Kd3 g5 39. hxg5 fxg5 40. Ke4 Rb5 41. b3 gxf4 42. gxf4 Rb4+ 43. Rc4 Rb5 44. Rc6 h4 45. Kf3 1-0

[Event "Titled Tuesday intern op 25th Jun Early"]
[Site "Chess.com INT"]
[Date "2024.06.25"]
[Round "9"]
[White "Ingebretsen, Jens E"]
[Black "Rosh, Jain"]
[Result "0-1"]
[WhiteElo "2407"]
[BlackElo "2131"]
[PlyCount "120"]
[EventDate "2024.06.25"]
[EventType "swiss (blitz)"]
[EventRounds "11"]
[EventCountry "USA"]
[SourceTitle "EXT 2025"]
[Source "ChessBase"]
[SourceDate "2024.10.14"]
[SourceVersion "1"]
[SourceVersionDate "2024.10.14"]
[SourceQuality "1"]

1. e4 c5 2. Nf3 d6 3. Bb5+ Nd7 4. 0-0 a6 5. Bxd7+ Bxd7 6. Re1 Nf6 7. e5 dxe5 8. Nxe5 e6 9. d4 cxd4 10. Qxd4 Be7 11. Nxd7 Qxd7 12. Qxd7+ Nxd7 13. Be3 0-0 14. Nd2 Bc5 15. c3 Bxe3 16. Rxe3 Rfd8 17. Nb3 Rac8 18. Rd1 Nb6 19. Rde1 Nc4 20. R3e2 e5 21. Kf1 f6 22. Rc1 b5 23. Ke1 Rd5 24. Rd1 Rcd8 25. Rxd5 Rxd5 26. Na1 a5 27. b3 Nb6 28. Nc2 Rc5 29. Kd2 Nd5 30. b4 axb4 31. cxb4 Rc4 32. a3 Nc3 33. Ne3 Nb1+ 34. Kd1 Rd4+ 35. Kc1 Nxa3 36. Ra2 Nc4 37. Ra8+ Kf7 38. Nf5 Rd7 39. Rb8 Ke6 40. g4 g6 41. Ng3 Nd6 42. Kb2 Rc7 43. Ne2 Rc4 44. Kb3 Rxg4 45. Nc3 Rg2 46. Rb6 Kd7 47. h4 Rxf2 48. Rxd6+ Kxd6 49. Ne4+ Kd5 50. Nxf2 g5 51. h5 f5 52. Kc3 g4 53. Kd3 g3 54. Nd1 e4+ 55. Ke3 Ke5 56. Nc3 f4+ 57. Ke2 f3+ 58. Kf1 g2+ 59. Kg1 e3 60. Nd1 e2 0-1

[Event "Titled Tuesday intern op 25th Jun Early"]
[Site "Chess.com INT"]
[Date "2024.06.25"]
[Round "8"]
[White "Shandrygin, Nikita"]
[Black "Ingebretsen, Jens E"]
[Result "1-0"]
[WhiteElo "2209"]
[BlackElo "2407"]
[PlyCount "103"]
[EventDate "2024.06.25"]
[EventType "swiss (blitz)"]
[EventRounds "11"]
[EventCountry "USA"]
[SourceTitle "EXT 2025"]
[Source "ChessBase"]
[SourceDate "2024.10.14"]
[SourceVersion "1"]
[SourceVersionDate "2024.10.14"]
[SourceQuality "1"]

1. e4 c5 2. Nf3 Nc6 3. d4 cxd4 4. Nxd4 Nf6 5. Nc3 e5 6. Ndb5 d6 7. Bg5 a6 8. Na3 b5 9. Nd5 Be7 10. Bxf6 Bxf6 11. c3 Ne7 12. Nxf6+ gxf6 13. Bd3 Bb7 14. Nc2 d5 15. exd5 Qxd5 16. Ne3 Qe6 17. Qh5 0-0-0 18. Bc2 Rhg8 19. Bb3 Nd5 20. 0-0-0 Rd7 21. Rd2 Rgd8 22. Rhd1 Kb8 23. Qxh7 a5 24. Qd3 a4 25. Bxd5 Rxd5 26. Nxd5 Rxd5 27. Qb1 Rxd2 28. Rxd2 Bxg2 29. Qd3 Bc6 30. Qd6+ Qxd6 31. Rxd6 Kc7 32. Rxf6 Bd5 33. a3 Kd7 34. Kd2 Ke7 35. Rb6 Bc4 36. Ke3 f5 37. f4 e4 38. h4 Kf7 39. Kd4 Kg7 40. Rd6 Kf7 41. Ke3 Kg7 42. h5 Kh7 43. Rg6 Bd3 44. Rg5 Kh6 45. Rxf5 Kg7 46. Re5 Kh6 47. Rxe4 Bxe4 48. Kxe4 Kxh5 49. f5 Kg5 50. Ke5 Kh6 51. f6 Kg6 52. Ke6 1-0